| 000 | 00767nam a2200241 a 4500 | ||
|---|---|---|---|
| 001 | 49740 | ||
| 003 | BD-RjUL | ||
| 005 | 20211209054724.0 | ||
| 008 | 160822m19661968nyua b 001 0 eng d | ||
| 035 | _a(BD-RjUL)49860 | ||
| 040 |
_aDLC _cDLC _dUKM _dEQO _dBD-RjUL _beng |
||
| 041 | _aeng | ||
| 082 |
_a371.425 _223 _bPEV 1968 |
||
| 100 | 1 |
_aPeters, Herman Jacob, _d1917- _9149119 |
|
| 245 | 1 | 0 |
_aVocational guidance and career development : _bselected readings / _cHerman J. Peters and James C. Hansen |
| 260 |
_aNew York : _bMacmillan, _cc1966, [3rd printing 1968] |
||
| 300 |
_aix, 466 p. : _bill. ; _c24 cm. |
||
| 500 | _aIncludes index | ||
| 650 | 0 |
_aVocational guidance _9149120 |
|
| 700 | 1 |
_aHansen, James C. _9149121 |
|
| 942 |
_2ddc _cBK |
||
| 999 |
_c49740 _d49740 |
||